1408 1605 1128 1646 1598 1156 1438 1113 1423 1163 1072 1706 1142 1875 1037 1751 1553 1494 1959 1025 1067 1893 1297 1054 1486 1830 1230 1499 1800 1470 1536 1281 1577 1771 1916 1092 1978 1489 1990 1996 1761 1033 1360 1364 1906 1996 1055 1529 1052 1168 1095 1951 1245 1348 1983 1710 1168 1735 1276 1688 1933 1622 1961 1621 1451 1982 1049 1619 1372 1529 1311 1098 1984 1007 1933 1440 1379 1853 1213 1353 1263 1210 1266 1608 1797 1994 1376 1587 1927 1619 1290 1723 1121 1008 1050 2000 1696 1627 1039 BCNSPRNW ULIB Ver.6.0+V

เปลี่ยนเป็นภาษาไทย

Change to English
 แสดงรายละเอียดบรรณานุกรม
  กลับหน้าหลัก

Brief Record : Get Marc (ISO 2709) : E-mail record : QR code < ปิดหน้าต่าง
LEADER : 00000nam 2200000uu 4500
001    13399124661
003     ULIB
008    151119s2011||||th 000 0 tha d
020    ^a0857025635 (paperback) ^c^60.00
020    ^a9780857025630 (paperback)
050  4 H62^b.T446
100 1  ^aThomas, Gary.
245 10 ^aHow to do your case study : ^ba guide for students and researchers / ^cGary Thomas.
260    ^a[S.l.] : ^bSAGE Publications Ltd, ^c2011.
300    ^a248 p. ; ^c24 cm.
520    ^aThis accessible text introduces students and researchers to the basics of case study research, using a wide range of real-life examples. It deals with the core issues and methods that anyone new to case study will need to understand: What is a case study? When and why should case study methods be used? How are case studies designed? What methods can be used? How do we analyze our data and write up our case?
650  0 Social sciences--Research--Methodology.
945    ^p0^l0^i000204
999    ^aเกษร โพธิ์สุวรรณ
รายการนี้ยังไม่มีแท็ก
คุณยังไม่ได้ล็อกอิน คุณสามารถมีกิจกรรมร่วมกับเว็บไซต์ได้ แต่ต้องล็อกอินก่อน ::
  ล็อกอิน

รายการสื่อสารสนเทศ

ลำดับที่ ประเภท เลขเรียก/บาร์โค้ด สถานที่ สถานะ
1. การศึกษาทั่วไป
การศึกษาทั่วไป
H62 .T446 ฉ.1 
  Barcode: 000204
ห้องสมุดวิทยาเขตสวรรค์ประชารักษ์
►หนังสือทั่วไป
บนชั้น
Note:อภินันทนาการโดย อาจารย์จันทนา เกษรบัว

BibComment


ยังไม่เคยถูกคอมเมนท์

คอมเมนท์ทรัพยากรรายการนี้
  คอมเมนท์: How to do your c..


 Copyright 2026. Bcnsprnw @Library